Notas para el estudio económico de América Latina y el Caribe 1987; Costa Rica

保存先:
書誌詳細
団体著者: CEPAL
フォーマット: テキスト
出版事項: México. D.F.: CEPAL
タグ: タグ追加
タグなし, このレコードへの初めてのタグを付けませんか!

MARC

LEADER 00000 a a2200000 04500
001 21246
003
040 |a CRAI/IIS  |c CRAI/IIS 
090 |a 092800  
110 |a CEPAL  
245 |a Notas para el estudio económico de América Latina y el Caribe 1987; Costa Rica  
260 |a México. D.F.:   |b CEPAL  
300 |a 44 p.  
999 |c 16139  |d 16139